000 00870nam a22003017a 4500
001 BR7305304
003 BR-BrBNA
005 20230928084107.0
007 ta
008 230509b bl.||||| |||| 00| 0 por d
040 _aBR-BrBNA
_bpor
_cBiblioteca Nacional de Agricultura
041 _a(Por)
072 _aF25; E10
_b1410
_b/G514
090 _ 1410 BR7305304
110 1 _aAssociacao Nordestina de Credito e Assistencia Rural do Piaui, Teresina (Brasil)
_9710
245 1 _aResultados ensaios demonstrativos: Feijao 1973/74 [Rendimento; Adubacao; Calagem; Piaui; Brasil]
260 3 _aTeresina, PI (Brasil):
_c1974.
300 _a4 p.
500 _aNumerical data
650 _aFEIJAO
650 _aADUBACAO
650 _aRENDIMENTO
650 _aCALAGEM
650 _aCUSTO
650 _aPIAUI
909 _a202309
_bLucia
_c55
_dLucia Elande
942 _cBK
999 _c16821
_d16821